| 000 | 00452nam a2200181Ia 4500 | ||
|---|---|---|---|
| 003 | LK-CoDNM | ||
| 005 | 20240129150540.0 | ||
| 008 | 010623t1939 xxu||||| |||| 00| 1 sin d | ||
| 040 |
_aLK-CoDNM _dLK-CoDNM _eLK-CoDNM |
||
| 041 | _asin | ||
| 080 |
_a104 _bN 21 |
||
| 100 | _aJayathunga,H.P | ||
| 245 | _aවෛද්ය මාලා 1 | ||
| 246 | _aVaidyamaalaa.Part.I | ||
| 260 |
_bSitumina _aKandy _c1939 |
||
| 300 | _b16p., 20 cm | ||
| 942 | _cBK | ||
| 999 |
_c99449 _d99449 |
||